01324nab a22001817a 4500003000400000005001700004008004100021040000700062100002300069245012100092300001300213500003800226505066400264505007200928650002301000650001701023773010201040OSt20260128020853.0190514b xxu||||| |||| 00| 0 spa d cPJ aFreije, Joaquín 10aUna necesaria revisión del control judicial de las internaciones por motivos de salud mental /cJoaquín Freije.  ap. 87-97 aCita: TR LALEY AR/DOC/2507/2025.  aSumario: I. Introducción.— II. Marco de protección de derechos humanos durante la internación.— III. La situación de riesgo cierto e inminente como presupuesto limitativo de la internación involuntaria.— IV. El uso de internaciones para casos diferentes al riesgo cierto e inminente.— V. Un problema específico: la falta de control de los supuestos legales de la internación.— VI. El control de la internación en el modelo procesal tradicional.— VII. Una propuesta de revisión a partir del debido proceso.— VIII. Construcción del rol de la defensa técnica de internaciones por salud mental.— IX. Consideraciones finales.  tSi te interesa el texto, comunicate a koha@justierradelfuego.gov.ar 0aDERECHO DE FAMILIA 0aSALUD MENTAL0 02844dBuenos Aires : AbeledoPerrot, 1989-tDerecho de familia. N° 122 - Noviembre 2025z18511201